[Event "Benidorm op U2000 13th"]
[Site "Benidorm"]
[Date "2014.11.30"]
[Round "3"]
[White "Gillespie, David Mcphail"]
[Black "Rico Lucas, Mario"]
[Result "1/2-1/2"]
[WhiteElo "1824"]
[BlackElo "1661"]
[PlyCount "52"]
[EventDate "2014.11.28"]
[EventType "swiss"]
[EventRounds "10"]
[EventCountry "ESP"]
[SourceTitle "CBM 163 Extra"]
[Source "ChessBase"]
[SourceDate "2014.12.23"]
[SourceVersion "1"]
[SourceVersionDate "2014.12.23"]
[SourceQuality "1"]

1. e4 d5 2. exd5 Nf6 3. d4 Bf5 4. Nf3 Qxd5 5. Be2 Nc6 6. 0-0 0-0-0 7. Be3 e6 8. c4 Qd7 9. Nc3 Bb4 10. a3 Bxc3 11. bxc3 Ng4 12. Bd3 Nxe3 13. fxe3 Bg4 14. Be2 f6 15. Rb1 e5 16. d5 e4 17. dxc6 Qxd1 18. cxb7+ Kb8 19. Rfxd1 Rxd1+ 20. Rxd1 exf3 21. Bxf3 Bxf3 22. gxf3 Kxb7 23. e4 Kc6 24. Rb1 Rd8 25. Kf2 Rd2+ 26. Kg3 Rc2 1/2-1/2

[Event "Prestwick Airport Major"]
[Site "Prestwick"]
[Date "2011.05.15"]
[Round "5"]
[White "Cunningham, Jim M"]
[Black "Gillespie, David Mcphail"]
[Result "1-0"]
[WhiteElo "1462"]
[BlackElo "1844"]
[PlyCount "77"]
[EventDate "2011.05.13"]
[EventType "swiss"]
[EventRounds "5"]
[EventCountry "SCO"]
[SourceTitle "EXT 2023"]
[Source "ChessBase"]
[SourceDate "2022.10.05"]
[SourceVersion "1"]
[SourceVersionDate "2022.10.05"]
[SourceQuality "1"]

1. e4 c5 2. d4 cxd4 3. c3 dxc3 4. Nxc3 e6 5. Nf3 a6 6. Bc4 b5 7. Bb3 Bb7 8. a3 Bc5 9. 0-0 Ne7 10. Qe2 0-0 11. Rd1 Qc7 12. Bg5 f6 13. Bh4 Nbc6 14. Bg3 Ne5 15. Kh1 N7g6 16. Rac1 Qc8 17. Nxe5 fxe5 18. Qg4 Nf4 19. Ne2 Nxe2 20. Rxd7 Nxg3+ 21. hxg3 Qxd7 22. Bxe6+ Kh8 23. Bxd7 Bxf2 24. Bf5 Bb6 25. Qh5 Rxf5 26. Qxf5 Bd4 27. Rc2 Rg8 28. b4 h6 29. g4 Be3 30. Rc7 Ba8 31. Rc8 Bb7 32. Rxg8+ Kxg8 33. Qxe5 Kh7 34. Qf5+ Kh8 35. e5 Bg5 36. e6 Bf6 37. Qg6 Bc6 38. Qf7 Bb2 39. e7 1-0

[Event "Prestwick Airport Major"]
[Site "Prestwick"]
[Date "2011.05.14"]
[Round "2"]
[White "Gillespie, David Mcphail"]
[Black "Glen, Hamish"]
[Result "1/2-1/2"]
[WhiteElo "1844"]
[BlackElo "1587"]
[PlyCount "30"]
[EventDate "2011.05.13"]
[EventType "swiss"]
[EventRounds "5"]
[EventCountry "SCO"]
[SourceTitle "EXT 2023"]
[Source "ChessBase"]
[SourceDate "2022.10.05"]
[SourceVersion "1"]
[SourceVersionDate "2022.10.05"]
[SourceQuality "1"]

1. e4 e6 2. d3 c5 3. Nd2 Nc6 4. g3 d6 5. Bg2 g6 6. Ne2 Bg7 7. 0-0 Nge7 8. c3 Qc7 9. f4 Bd7 10. Nf3 0-0 11. Be3 b6 12. Rc1 Rac8 13. d4 cxd4 14. Nfxd4 Nxd4 15. Bxd4 Bxd4+ 1/2-1/2